000 01235nam a2200361 a 4500
001 000114665
003 CHAP
005 20220329144452.0
008 180316s2002 sp a |r| ||||||spa d
010 _a111126
011 _a112098
020 _a84-7738-964-0 (Volumen I)
020 _a84-7738-965-9 (Volumen II)
020 _a8477389667 (Obra completa)
040 _cCHAP
082 0 4 _a660.65
_bP43
100 1 _aPerera, Julián
_9134904
245 1 0 _aIngeniería genética /
_cpor Julián Perera, Antonio Tormo y José Luis García.
260 _aMadrid :
_bEditorial Síntesis,
_c[2002].
300 _av. :
_bil.
490 _aCiencias biológicas. Genética
_v6,7
500 _aLa biblioteca tiene : v.1 Preparación, análisis, manipulación y clonaje de DNA. v.2 Expresión de DNA en sistemas heterólogos
590 _aE5765TAJ
_b05
_c20180316
_lUCH01
_h0909
590 _aE5765TAJ
_b05
_c20180316
_lUCH01
_h0910
650 1 4 _aÁcido desoxirribonucleico
_xAnálisis.
_9125329
650 1 4 _aIngeniería genética.
_958228
700 1 _aGarcía, José Luis
_9134906
700 1 _aTormo, Antonio
_9134905
830 0 _aCiencias biológicas. Genética
_v6,7
_9134907
901 _aBK
942 _cLIBRO
942 _n0
999 _c111126
_d111126